=LDR 00000nam 2200000 4500 =001 $a INLIS000000000008408 =005 $a 20260605102339 =008 $a 260605################g##########0#ind## =022 ##$$a - =035 ##$$a 0010-0626000035 =082 ##$$a 304.66072 =084 ##$$a 304.66072 BAD t =110 #$$a Badan Koordinasi dan Keluarga Berencana Nasional =245 ##$$a Telaah Progran KB Nasional Tahun 2007 $b Materi I $c Badan Koordinasi dan Keluarga Berencana Nasional =246 ##$$a =260 ##$$a Jakarta $b BKKBN $c 2007 =300 ##$$a 93 hlm. $b ilus. $c 29 cm. $d =336 ##$$a =337 ##$$a =338 ##$$a =520 #$$a =650 #$$a Keluarga Berencana =700 #$$a =740 ##$$a =856 ##$$a =Wor $a 1